• 首页
  • 本馆介绍
  • 公告通知
  • 最新文献
  • 馆藏检索
  • 电子资源
  • 读者导购
  • 参考咨询
  • 我的图书馆
  • 登录
  • 详细信息显示
  • 放入我的书架
  • 预约/预借图书
  • 作者相关作品
  • 分类相关作品
  • 丛书相关作品
  • 出版社相关作品

书目信息

  • 表格格式
  • 工作单格式
  • 卡片格式
题名:
学前儿童卫生与保育
    
 
作者: 康松玲 主编
分册:  
出版信息: 上海   华东师范大学出版社  2015.07
页数: 237页
开本: 30cm
丛书名:
单 册:
中图分类: R175
科图分类:
主题词: 学前儿童--卫生保健--高等职业教育--教材
电子资源:
ISBN: 978-7-5675-3328-8
000 00937nam0 2200253 450
001 0120151618044
005 20160513095302.59
010    @a978-7-5675-3328-8@dCNY35.80
100    @a20150807d2015 em y0chiy50 ea
101 0  @achi
102    @aCN@b310000
105    @aak z 000yy
106    @ar
200 1  @a学前儿童卫生与保育@9xue qian er tong wei sheng yu bao yu@f康松玲主编
210    @a上海@c华东师范大学出版社@d2015.07
215    @a237页@c图,照片@d30cm
300    @a高职高专学前教育专业系列教材
330    @a本书依据《高等职业学校学前教育专业教学标准》编写,结合案例讲述学前儿童的生理解剖与生长发育特点、日常生活环节营养卫生保育、疾病及其预防、心理卫生与保育、托幼机构意外事故预防与急救、托幼机构建筑设备卫生等。
333    @a高职
606 0  @a学前儿童@x卫生保健@x高等职业教育@j教材
690    @aR175@v5
701  0 @a康松玲@9kang song ling@4主编
801  0 @aCN@b人天书店@c20150807
905    @b876640-45@dR175@e225@f6
    
    学前儿童卫生与保育/康松玲主编.-上海:华东师范大学出版社,2015.07
    237页:图,照片;30cm
    高职高专学前教育专业系列教材.-使用对象:高职
    
    ISBN 978-7-5675-3328-8:CNY35.80
    本书依据《高等职业学校学前教育专业教学标准》编写,结合案例讲述学前儿童的生理解剖与生长发育特点、日常生活环节营养卫生保育、疾病及其预防、心理卫生与保育、托幼机构意外事故预防与急救、托幼机构建筑设备卫生等。
●
相关链接 在E读中查询图书 在五车中查询图书 在当当中查询图书 在豆瓣中查询图书


正题名:学前儿童卫生与保育     索取号:R175/225         预约/预借

序号 登录号 条形码 馆藏地/架位号 状态 备注
1 876640   208766405   第二样本阅览室/ [索取号:R175/225] 在馆    
2 876641   208766414   教育系资料室/ [索取号:R175/225] 在馆    
3 876642   208766423   教育系资料室/ [索取号:R175/225] 在馆    
4 876643   208766432   教育系资料室/ [索取号:R175/225] 在馆    
5 876644   208766441   第三借阅区/ [索取号:R175/225] 在馆    
6 876645   208766450   第三借阅区/ [索取号:R175/225] 在馆    
唐山师范学院图书馆 欢迎您!
大连网信软件有限公司© 版权所有